Statistics for Doom 2 Enemies

Click here to take the quiz!

General Stats

  • This quiz has been taken 188 times
  • The average score is 13 of 19

Answer Stats

HintAnswer% Correct
Former Human
89%
Imp
89%
Demon
87%
Cacodemon
85%
Cyberdemon
84%
Baron of Hell
81%
Spiderdemon (Spider Mastermind)
80%
Lost Soul
79%
Arch-vile
72%
Hell Knight
72%
Revenant
72%
Mancubus
66%
Pain Elemental
66%
Arachnotron
62%
Heavy Weapon Dude
58%
Spectre
58%
Wolfenstein SS
41%
Commander Keen
30%
Former Human Sergeant
30%

Score Distribution

Percentile by Number Answered

Percent of People with Each Score

Your Score History

You have not taken this quiz